| 000 | 00833cam a2200313 4500 | ||
|---|---|---|---|
| 008 | 000000n1999 000 0 eng u | ||
| 020 | _a18593394793 | ||
| 035 | _a(Sirsi) u105852 | ||
| 050 | _a336.39 | ||
| 100 | _aPayne, Geoffrey | ||
| 245 | _aMaking common ground : public private partnerships in land for housing. | ||
| 260 |
_aLondon _bIntermediate Technology _c1999 |
||
| 300 | _axii, 241p. ; 23cm. | ||
| 350 | _a15.95 | ||
| 650 | _aPFI | ||
| 650 | _aPUBLIC PRIVATE PARTNERSHIPS | ||
| 650 | _aINDIA | ||
| 650 | _aPAKISTAN | ||
| 650 | _aSOUTH AFRICA | ||
| 650 | _aEGYPT | ||
| 650 | _aMEXICO | ||
| 650 | _aASIA | ||
| 650 | _aBULGARIA | ||
| 650 | _aRUSSIA | ||
| 650 | _aTHIRD WORLD COUNTRIES | ||
| 650 | _aUNITED KINGDOM | ||
| 690 | _aMANAGEMENT-BUSINESS MANAGEMENT-FINANCIAL MANAGEMENT | ||
| 942 | _n0 | ||
| 999 |
_c100482 _d100482 |
||